000 00536nam a22002173 4500
999 _c6564
_d6564
001 6564
003 (BD-JhCC)
005 20180418183023.0
008 970303s1959 enk 000 1 eng d
035 _aOCLC pks04067788 from D970303K
040 _aEQO
_cEQO
_dBD-JhCC
041 _aeng
082 _a823.06
_bSTE 1959
100 1 _aStephens, Robert Radford.
245 1 0 _aCabalva farm /
_cR R Stephens
260 _aLond. &c.,
_c1959.
300 _a190 p. :
_c20cm.
650 _aEnglish Fiction
942 _2ddc
_cBK